| 000 | 004650000a22001930004500 | ||
|---|---|---|---|
| 999 |
_c48290 _d48290 |
||
| 001 | 1115 | ||
| 003 | CO-MdFUSB | ||
| 005 | 20171108175459.0 | ||
| 008 | 171108b xxu||||| |||| 00| 0 eng d | ||
| 020 | _a958-30-0848-6 | ||
| 040 | _cCO-MdBIC | ||
| 082 | 0 | 4 | _a861P F91a |
| 100 | 1 | _aFrías Navarro, Matilde | |
| 245 | 1 | 0 | _aArco iris / Matilde Frías Navarro |
| 260 | _aBogotá : Panamericana | ||
| 300 | _a32 p. | ||
| 650 | 1 | 4 | _aLiteratura Infantil |
| 942 | _cLGB | ||